Paroles - Bolide Allemand - SDM - Statistiques

Statistiques générales
  • Ce quiz a été pris 100 fois
  • Le résultat moyen est 182 sur 356
Statistiques - réponses
Paroles % Correct
à
99%
a
99%
b***,
99%
f***
99%
j’e*****
99%
sp****
99%
allemand
88%
allemand,
88%
de
82%
volume,
82%
Volume,
82%
fond
78%
le
78%
la
76%
76%
dans
75%
bolide
73%
gros
72%
je
72%
j’monte
72%
j’suis
70%
ma
70%
ça
64%
et
64%
Mon
64%
mon
64%
ta
63%
va,
63%
va
63%
grosse
61%
les
60%
un,
60%
un
60%
voiture
60%
Quatre
59%
quatre
59%
devant,
58%
sort,
57%
c’est
55%
elle
55%
femme,
55%
j’te
55%
on
55%
On
55%
pas
55%
si
55%
trois
54%
l’amende
53%
l’bolide
53%
met
53%
ami
52%
avec
52%
deux
52%
ils
52%
plus
52%
j’ai
51%
mais
49%
vie
49%
allemande,
48%
d’avant
48%
maintenant,
48%
maintenant
48%
débite,
47%
débite
47%
d’vant
47%
eh
47%
eh,
47%
en
47%
eux
47%
l’rétro
47%
l’affût,
46%
vend
46%
mes
45%
SDM
45%
bon,
43%
bon
43%
l’gosier
43%
porcs
43%
sorties
43%
tous
43%
amis
42%
aveux
42%
être
42%
sur
42%
V12
42%
vont
42%
y
42%
moi,
41%
moi
41%
négocier
41%
passe
41%
baby
40%
hybride,
40%
arrive
39%
bons
39%
fait
39%
reufs,
39%
aucun
37%
aux
37%
barre
37%
contacts
37%
cousine
37%
derrière,
37%
t’es
37%
vaut
37%
veut,
37%
aussi
36%
démarrage
36%
d’pot,
36%
d’pot
36%
du
36%
j’vais
36%
moteur
36%
shopping
36%
sœur
36%
toi
36%
chercher
35%
donc
35%
est
35%
j’sais
35%
pe-ra
35%
qui
35%
V2
35%
dégomme
34%
j’accélère
34%
j’la
34%
j’le
34%
j’t’allume
34%
l’divan
34%
ouf,
34%
ouf
34%
qu’ma
34%
salement
34%
causer
33%
d’nous
33%
frappe,
33%
j’peux
33%
l’détour
33%
l’savon
33%
plavons
33%
ton
33%
y’a
33%
cheval
31%
faire
31%
français
31%
l’bendo,
31%
yeux
31%
détale
30%
loyauté,
30%
tomber
30%
embrouille,
29%
manquent
29%
s’comprend
29%
Top
29%
vroum,
29%
ramasse
28%
Tendance,
28%
vais
28%
boss,
25%
d’la
25%
gagnant,
25%
gun
25%
Bériz,
24%
Cohiba
24%
qu’j’veux
23%
ramène
23%
teillé
23%
teillé,
23%
han,
22%
t’étonnes
20%
avec eux
19%
bosseurs,
19%
baraude
18%
l’fer
17%
cozy
13%
Keuza
13%
Keuza,
13%
mmh
12%
Aucun quiz correspondant
Distribution des résultats
% des personnes avec chaque résultat
Percentile par nombre de réponses
Votre historique - résultats
Vous n’avez pas pris ce quiz